| 000 | 00601cam a2200217 4500 | ||
|---|---|---|---|
| 001 | B1775 | ||
| 008 | 090401t1988 xxu||||| |||| 00| 0 eng d | ||
| 035 | _a(Sirsi) u46369 | ||
| 041 | _aeng | ||
| 050 | _a333.0065 | ||
| 110 |
_aEconomic Development Briefing _92461 |
||
| 245 | 4 | _aThe chartered surveyors survey 1988 edition | |
| 260 |
_aLondon _bEconomic Development Briefing _c1988 |
||
| 300 | _a71 leaves ; 30cm. | ||
| 350 | _a185 | ||
| 490 |
_aEconomic Development Briefing _vVolume XII |
||
| 650 | _aABOUT RICS-RICS MEMBERS | ||
| 650 | _aESTATE AGENTS | ||
| 942 | _n0 | ||
| 948 | _c04/03/1997 | ||
| 999 |
_c91916 _d91916 |
||